| 000 | 00968nam a22002055i 4500 | ||
|---|---|---|---|
| 001 | 161817 | ||
| 003 | ES-MaACL | ||
| 005 | 20250822231021.0 | ||
| 008 | 010802s1879 sp |||| | spa d | ||
| 040 |
_aAR _bspa _cAR |
||
| 100 | 1 |
_aPérez Escrich, Enrique, _d1829-1897 _990847 |
|
| 245 | 1 | 3 |
_aLa guerra santa _b: zarzuela de grande espectáculo en tres actos divididos en diez cuadros / _cletra de los señores Enrique Pérez Escrich y Luis Mariano de Larra ; música del maestro D. Emilio Arrieta. |
| 260 |
_aMadrid : _b[s.n.], _c1879 ( _fJosé Rodríguez) |
||
| 300 |
_a97 p ; _c19 cm. |
||
| 500 | _aSolo la letra. | ||
| 700 | 1 |
_aLarra y Wetoret, Luis Mariano de, _d1830-1901 _970289 |
|
| 700 | 1 |
_aArrieta, Emilio, _d1821-1894 _9224497 |
|
| 852 |
_aES-MaACL _jF-8608(12) _z-- Enc. pasta española _q-- Falto de la cub. original _z-- Enc. en un vol. facticio formando parte de la col. facticia "Teatro español moderno", vol. 63 |
||
| 999 |
_c161817 _d161817 |
||